| 000 | 01611nam a2200289 u 4500 | ||
|---|---|---|---|
| 001 | 67007 | ||
| 005 | 20211018155524.0 | ||
| 008 | 170324s2005 mx r 000 0 spa d | ||
| 040 | _arda | ||
| 041 | 0 | _aspa | |
| 082 | 0 |
_a658.562 _bINS |
|
| 110 | 1 |
_aInstituto Mexicano de Normalización y Certificación, _eautor _93840 |
|
| 245 | 1 | 0 | _aNorma mexicana IMNC. |
| 250 | _aPrimera edición | ||
| 264 | 1 |
_aMéxico : _bComité Técnico de Normalización Nacional de Sistemas de Administración Ambiental, _c[2004 - 2005] |
|
| 300 |
_a3 volúmenes (x, 27; x, 26; x, 48 páginas) ; _c28 cm. |
||
| 336 |
_atexto _2rdacontent _btxt |
||
| 337 |
_asin medio _2rdamedia _bn |
||
| 338 |
_avolumen _2rdacarrier _bnc |
||
| 505 | 8 | _aFolleto 1. ISO 14001:2004; COPANT/ISO 14001-2004; NMX-SAA-14001-IMNC-2004: Sistemas de gestión ambiental - Requisitos con orientación para su uso =Environmental management systems - Requirements with guidance for use -- Folleto 2. ISO 14050:2002; COPANT/ISO 14050-2004; NMX-SSA-14050-IMNC-2004: Gestión ambiental - Vocabulario = Environmental management - Vocabulary -- Folleto 3. ISO 14004:2004; COPANT/ISO 14004-2004; NMX-SSA-14004-IMNC-2004: Sistemas de gestión ambiental -Directrices generales sobre principios, sistemas y técnicas de apoyo = Environmental management systems -General guidelines on principles, systems and support techniques. | |
| 650 | 4 | _aNormalización y certificación | |
| 650 | 4 | _aCalidad ambiental | |
| 650 | 4 | _aAuditoria ambiental | |
| 650 | 4 | _aGestión ambiental | |
| 650 | 4 | _aIngeniería ambiental | |
| 999 |
_c67007 _d67007 |
||
| 942 |
_h658.562 _iINS _cLI |
||